When Was It Built? - Statistics

General Stats
  • This quiz has been taken 13 times
  • The average score is 7 of 22
Answer Stats
Question Answer % Correct
The Colosseum, Rome: 72 AD
69%
Hagia Sofia, Istanbul: 532
62%
Hadrians Wall, Roman Britain: 122 AD
54%
The Great Pyramid of Giza: 2600 BC
54%
Macchu Picchu, Peru: 1450
46%
Osaka Castle, Japan 1583
46%
The Winter Palace, St. Petersburg 1711
46%
Buckingham Palace, London: 1703
38%
Neuschwanstein Castle, Bavaria, Germany 1869
38%
Sagrada Família, Barcelona 1882
38%
The Masjid Al-Haram(The Great Mosque of Mecca): 7th Century AD
38%
Notre-Dame de Paris: 12th Century
31%
The Lighthouse of Alexandria: 284 BC
31%
Angkor Wat, Cambodia 1113
23%
The Forbidden City, (Imperial Palace complex) Beijing 1406
23%
Taj Mahal, Agra, India 17th Century AD
23%
Stonehenge: 3100 BC
23%
Christ the Redeemer, Rio de Janeiro 1922
15%
The Great Wall of China: 441 BC
15%
Longmen Grottoes, Luoyang, China 493 AD
15%
Santiago de Compostela Archcathedral Basilica, Spain 1075
8%
The Temple of Artemis, (or Temple of Diana), Ancient Greece: 550 BC
8%
No matching quizzes found
Score Distribution
Percent of People with Each Score
Percentile by Number Answered
Your Score History
You have not taken this quiz